000 00515nam a2200181Ia 4500
008 100920s9999 xx 000 0 und d
082 _b94527
_a24 न 04
100 _aघाटे उज्वला.
245 _aमातृऋण.
260 _bमधुश्री प्रकाशन,पुणे.
_c2004
300 _a183
_bसाधी
365 _b175
520 _aसायो.
630 _aमातृऋण.
650 _aसायो.
730 _aमातृऋण.
942 _cBOOK
999 _c734970
_d734967